Loading...
| Fine Arts - Classical Music | 3 | 13.33 | 4,833% | 300% | 300% |
| Fine Arts - Other | 3 | 16.67 | 3,900% | 200% | 600% |
| Fine Arts - Painting & Sculpture | 3 | 6.67 | 2,700% | 0% | 267% |
| History - American | 3 | 16.67 | 1,200% | 567% | 467% |
| History - European | 5 | 14.00 | 3,240% | 700% | 160% |
| History - Other | 4 | 7.50 | 0% | 450% | 225% |
| History - World | 6 | 13.33 | 5,117% | 433% | 150% |
| Literature - American | 4 | 17.50 | 2,500% | 450% | 575% |
| Literature - British | 4 | 12.50 | 2,025% | 150% | 575% |
| Literature - European | 4 | 15.00 | 4,050% | 375% | 450% |
| Literature - World | 3 | 10.00 | 4,833% | 300% | 0% |
| Mythology | 2 | 10.00 | 0% | 450% | 400% |
| Other | 6 | 8.33 | 1,350% | 433% | 100% |
| Philosophy | 2 | 5.00 | 0% | 0% | 300% |
| Religion | 2 | 10.00 | 0% | 850% | 0% |
| Science - Biology | 5 | 12.00 | 1,620% | 120% | 720% |
| Science - Chemistry | 4 | 12.50 | 2,025% | 350% | 425% |
| Science - Other | 4 | 10.00 | 0% | 400% | 450% |
| Science - Physics | 1 | 0.00 | 0% | 0% | 0% |
| Social Science | 5 | 10.00 | 4,520% | 160% | 160% |